000 00646 a2200217 4500
020 _aS/N
040 _aULA-LD-MS
082 _b043.2
082 _b658/OLI/I
100 _91093
_aOLIVEIRA, Nair de Fátima Campos
245 _aInfluência da Cultura Organizacional no Processo de Socialização do Novo Colaborador
246 _aEstudo de Caso: Escola Magistério Mutu-Ya-Kevela 2022
250 _aS/N
260 _aLuanda
_bS/Edit.
_c2023
300 _a87.p
600 0 _aOLIVEIRA, Nair de Fátima Campos
650 _aGestão de Recursos Humanos
700 _a Nair de Fátima Campos Oliveira
942 _cTFC
999 _c2269
_d2269